000 00250nam a2200109Ia 4500
008 240625s9999 xx 000 0 und d
041 _aeng
082 _a425 RAO
100 _aRAO A RAMA KRISHNA
245 _aENJOYING EVERYDAY ENGLISH
260 _c2010
999 _c35019
_d35019